Skiny do ak-47 - Statystyki

Ogólne statystyki
  • Ten quiz został rozwiązany 127 razy
  • Średni wynik to 15 z 34
Statystyki odpowiedzi
cena (stan) Skin % Poprawnych
603 (FN) Asiimov
81%
14 (FN) Siatka Safari
76%
25 (FN) Elitarny
72%
921 (FN) Wulkan
66%
208 (MW) Czerwona Linia
63%
5800 (FN) Ognisty wąż
59%
517 (FN) Cesarzowa
57%
415 (FN) Neonowy Jeździec
52%
36 (FN) Niebieski laminat
51%
249 (FN) Neonowa rewolucja
48%
803 (FN) Czerwony Laminat
47%
201 (FN) Mglisty Front
47%
260 (FN) Jaguar
46%
290 (FN) Krwawy Sport
46%
431 (FN) Czarny laminat
45%
60 (FN) Kartel
44%
6 (FN) Niezbadany
43%
751 (FN) Wtrysk Paliwa
43%
6300 (FT) Dziki Lotos
41%
611 (FN) Pustynny Buntownik
41%
258 (FN) Odwet Akwamaryny
40%
184 (FN) Sedno Zamieszania
39%
80 (FN) Predator
33%
30 (FN) Szmaragdowe Pręgi
31%
44 (FN) Rat rod
29%
595 (FN) Stal Nawęglana
29%
120 (FN) Widmowy Mąciciel
26%
1300 (FN) Turysta
25%
67 (FN) Siatka Bezpieczeństwa
24%
33 (FN) Barokowa purpura
23%
150 (FN) Kolory dżungli
23%
2290 (FN) Hydroponika
22%
190 (FN) Pierwsza klasa
21%
63 (FN) Orbita wz.01
19%
Nie znaleziono quizów pasujących do podanych kryteriów
Rozkład punktacji
Procent ludzi z każdym wynikiem
Percentyl według liczby udzielonych odpowiedzi
Twoja historia wyników
Nie rozwiązałeś tego quizu